A Guide to Key Theories for Human Resource Management Research

Saved in:
Bibliographic Details
Other Authors: Hutchings, Kate, Michailova, Snejina, Wilkinson, Adrian
Format: Book
Language:English
Published: Cheltenham Edward Elgar Publishing 2024
Subjects:
Tags: Add Tag
No Tags, Be the first to tag this record!

MARC

LEADER 00000nam a2200000 4500
001 0306853
005 20250206204445.5
020 |a 9781035308767 
041 0 |a eng 
044 |a GB 
245 1 0 |a A Guide to Key Theories for Human Resource Management Research  |c edited by Kate Hutchings, Snejina Michailova, Adrian Wilkinson 
264 1 |a Cheltenham  |b Edward Elgar Publishing  |c 2024 
300 |a 341 s. 
500 |a ProQuest e-books. 
610 2 0 |a riadenie ľudských zdrojov 
610 2 0 |a riadenie personálne 
610 2 0 |a vedenie 
610 2 0 |a kapitál ľudský 
610 2 0 |a kapitál sociálny 
610 2 0 |a psychológia práce 
700 1 |a Hutchings, Kate 
700 1 |a Michailova, Snejina 
700 1 |a Wilkinson, Adrian